|
|
|
|
| LEADER |
01147nam a2200205 a 4500 |
| 001 |
GR-MES2071 |
| 008 |
991111s gr 000 0 gre d |
| 040 |
|
|
|a GrPaTEI
|b gre
|c GR-PaULI
|
| 245 |
0 |
0 |
|a Σχεδίασις και ανάλυσις πειραμάτων.
|
| 300 |
|
|
|a 581σελ. :
|b σχημ.,πιν.
|
| 650 |
|
4 |
|a ΕΠΙΣΤΗΜΟΝΙΚΗ ΕΡΕΥΝΑ
|
| 650 |
|
4 |
|a Πειράματα
|
| 650 |
|
4 |
|a Στατιστική
|
| 700 |
1 |
|
|a Δαλιάνης, Κ.
|
| 942 |
|
|
|2 ddc
|
| 952 |
|
|
|0 0
|1 0
|2 ddc
|4 0
|6 310_000000000000000_ΔΑΛ
|7 0
|9 266377
|a MSLG
|b MSLG
|c BSC
|d 2021-01-17
|e 24
|f 0
|g 0.00
|l 0
|o 310 ΔΑΛ
|p 2420000005891
|r 2021-01-17 00:00:00
|t 1
|w 2021-01-17
|y BK15
|x 19991111 0 1
|x GrPaTEI
|
| 952 |
|
|
|0 0
|1 0
|2 ddc
|4 0
|6 310_000000000000000_ΔΑΛ
|7 0
|9 266378
|a MSLG
|b MSLG
|c BSC
|d 2021-01-17
|e 24
|f 0
|g 0.00
|l 0
|o 310 ΔΑΛ
|p 2420000007730
|r 2021-01-17 00:00:00
|t 1
|w 2021-01-17
|y BK15
|x 19991111 0 1
|x GrPaTEI
|
| 952 |
|
|
|0 0
|1 0
|2 ddc
|4 0
|6 310_000000000000000_ΔΑΛ
|7 0
|9 266379
|a MSLG
|b MSLG
|c BSC
|d 2021-01-17
|e 24
|f 0
|g 0.00
|l 0
|o 310 ΔΑΛ
|p 2420000007731
|r 2021-01-17 00:00:00
|t 1
|w 2021-01-17
|y BK15
|x 19991111 0 1
|x GrPaTEI
|
| 971 |
|
|
|a .b25731154
|b 16-04-20
|c 13-09-16
|
| 999 |
|
|
|c 153230
|d 153230
|